Sports Quiz

Random Sports or Basketball Quiz

NBA MVP ppg extremes Quiz Stats

 Plays Quiz not verified by Sporcle

Challenge
Share
Tweet
Embed
Score 0/20 Timer 04:00
0 Plays Today
Player % Correct
Michael Jordan
98.6%
Michael Jordan
94.9%
Wilt Chamberlain
94.6%
Allen Iverson
94.6%
Steve Nash
93.1%
Steve Nash
92.9%
Kareem Abdul-Jabbar
91.7%
Bill Russell
87.7%
Bill Russell
87.7%
Bill Russell
87.7%
Player % Correct
Bill Russell
87.4%
Bill Russell
87.1%
Kareem Abdul-Jabbar
86.9%
Bill Walton
76%
Oscar Robertson
73.7%
Wilt Chamberlain
69.7%
Moses Malone
63.7%
Wes Unseld
61.4%
Bob McAdoo
58%
Dave Cowens
52.6%

You're not logged in!

Compare scores with friends on all Sporcle quizzes.
Join for Free
OR
Log In

You Might Also Like...

Show Comments

Extras

Top Quizzes Today


Score Distribution

Your Account Isn't Verified!

In order to create a playlist on Sporcle, you need to verify the email address you used during registration. Go to your Sporcle Settings to finish the process.

Report this User

Report this user for behavior that violates our Community Guidelines.

Details: